00397nam a2200121Ia 4500008004100000082002000041100001700061245004900078260004400127300001000171630001800181650007600199211109s9999||||xx |||||||||||||| ||und|| a894.8124bNAY-P aNayanar, E K 0aPurogamana Sahithya Prasthanathinte Valarcha bSahithya Pravarthaka...aKottayamc1978 a107p. xGeneral stack aMalayalam LiteraturevMalayalam Essaysxliteratue and rhetoricMalayalam